The mind's eye : (Record no. 27998)

000 -LEADER
fixed length control field 03693cam a22004454a 4500
001 - CONTROL NUMBER
control field 14000478
005 - DATE AND TIME OF LATEST TRANSACTION
control field 20170213111209.0
008 - FIXED-LENGTH DATA ELEMENTS--GENERAL INFORMATION
fixed length control field 050613s2006 njua b 001 0 eng
010 ## - LIBRARY OF CONGRESS CONTROL NUMBER
LC control number 2005049252
020 ## - INTERNATIONAL STANDARD BOOK NUMBER
International Standard Book Number 0691124752 (cloth : alk. paper)
020 ## - INTERNATIONAL STANDARD BOOK NUMBER
International Standard Book Number 0691124760 (pbk. : alk. paper)
020 ## - INTERNATIONAL STANDARD BOOK NUMBER
International Standard Book Number 9780691124759
020 ## - INTERNATIONAL STANDARD BOOK NUMBER
International Standard Book Number 9780691124766
035 ## - SYSTEM CONTROL NUMBER
System control number (OCoLC)ocm60669116
042 ## - AUTHENTICATION CODE
Authentication code pcc
043 ## - GEOGRAPHIC AREA CODE
Geographic area code e------
050 00 - LIBRARY OF CONGRESS CALL NUMBER
Classification number N7850 .M56 2006
245 04 - TITLE STATEMENT
Title The mind's eye :
Remainder of title art and theological argument in the Middle Ages /
Statement of responsibility, etc. edited by Jeffrey F. Hamburger and Anne-Marie Bouché.
260 ## - PUBLICATION, DISTRIBUTION, ETC. (IMPRINT)
Place of publication, distribution, etc. Princeton, N.J. :
Name of publisher, distributor, etc. Department of Art and Archaeology, Princeton University in association with Princeton University Press,
Date of publication, distribution, etc. c2006.
300 ## - PHYSICAL DESCRIPTION
Extent xiv, 447 p. :
Other physical details ill. ;
Dimensions 29 cm.
504 ## - BIBLIOGRAPHY, ETC. NOTE
Bibliography, etc Includes bibliographical references and index.
505 0# - FORMATTED CONTENTS NOTE
Formatted contents note The place of theology in medieval art history: problems, positions, possibilities / Jeffrey F. Hamburger -- Anthropology and the use of religious images in the Opus Caroli Regis (Libri Carolini) / Karl F. Morrison -- Replica: images of identity and the identity of images in prescholastic France / Brigitte Miriam Bedos-Rezak -- Is there a theology of the Gothic cathedral? a re-reading of Abbot Suger's writings on the abbey church of St.-Denis / Andreas Speer -- Christ and the vision of God: the Biblical diagrams of the Codex Amiatinus / Celia Chazelle -- Raban Maur, Bernard de Clairvauz, Bonaventure: expression de l'espace et topographie spirituelle dans les images médiévales / Christian Heck -- Typology and its uses in the moralized Bible / Christopher Hughes -- L'Exception corporelle: à propos de l'Assomption de Marie / Jean-Claude Schmitt -- Theologians as Trinitarian iconographers / Bernard McGinn -- Seeing and seeing beyond: the mass of St. Gregory in the fifteenth century / Caroline Walker Bynum -- Porous subject matter and Christ's haunted infancy / Alfred Acres -- Love's arrows: Christ as cupid in late medieval art and devotion / Barbara Newman -- Moving images in the mind's eye / Mary Carruthers -- Vox Imaginis: anomaly and enigma in Romanesque art / Anne-Marie Bouché -- Seeing as action and passion in the thirteenth and fourteenth centuries / Katherine H. Tachau -- "As far as the eye can see...": rituals of gazing in the late middle ages / Thomas Lentes -- the medieval work of art: wherein the "work"? wherein the "art"? / Jeffery R. Hamburger -- Turning a blind eye: medieval art andt he dynamics of contemplation / Herbert L. Kessler.
546 ## - LANGUAGE NOTE
Language note Two contributions in French.
650 #0 - SUBJECT ADDED ENTRY--TOPICAL TERM
Topical term or geographic name as entry element Art, Medieval.
650 #0 - SUBJECT ADDED ENTRY--TOPICAL TERM
Topical term or geographic name as entry element Christian art and symbolism
Chronological subdivision Medieval, 500-1500.
650 #0 - SUBJECT ADDED ENTRY--TOPICAL TERM
Topical term or geographic name as entry element Christianity and art
Geographic subdivision Europe.
650 #0 - SUBJECT ADDED ENTRY--TOPICAL TERM
Topical term or geographic name as entry element Image (Theology)
650 #0 - SUBJECT ADDED ENTRY--TOPICAL TERM
Topical term or geographic name as entry element Theology.
700 1# - ADDED ENTRY--PERSONAL NAME
Personal name Hamburger, Jeffrey F.,
Dates associated with a name 1957-
700 1# - ADDED ENTRY--PERSONAL NAME
Personal name Bouché, Anne-Marie.
856 42 - ELECTRONIC LOCATION AND ACCESS
Materials specified Contributor biographical information
Uniform Resource Identifier <a href="http://www.loc.gov/catdir/enhancements/fy0654/2005049252-b.html">http://www.loc.gov/catdir/enhancements/fy0654/2005049252-b.html</a>
856 42 - ELECTRONIC LOCATION AND ACCESS
Materials specified Publisher description
Uniform Resource Identifier <a href="http://www.loc.gov/catdir/enhancements/fy0654/2005049252-d.html">http://www.loc.gov/catdir/enhancements/fy0654/2005049252-d.html</a>
856 41 - ELECTRONIC LOCATION AND ACCESS
Materials specified Table of contents only
Uniform Resource Identifier <a href="http://www.loc.gov/catdir/enhancements/fy0801/2005049252-t.html">http://www.loc.gov/catdir/enhancements/fy0801/2005049252-t.html</a>
942 ## - ADDED ENTRY ELEMENTS (KOHA)
Source of classification or shelving scheme
Koha item type Hard Covered Materials
Holdings
Withdrawn status Lost status Source of classification or shelving scheme Damaged status Not for loan Home library Current library Shelving location Date acquired Source of acquisition Total Checkouts Full call number Barcode Date last seen Price effective from Koha item type
          MACHAKOS UNIVERSITY LIBRARY MACHAKOS UNIVERSITY LIBRARY Technical section 13/02/2017 Donation(BFA)   N7850 .M56 2006 35825 16/07/2018 13/02/2017 Hard Covered Materials
© Machakos University Library, Along The Highway, Machakos Wote Rd, Machakos, Kenya P.O. Box 136 - 90100 Machakos - Kenya

Tel: ( +254 ) 723 805829 OR Fax : 044-20353 OR Email: library@mksu.ac.ke